Statistics for NASCAR 2017 Recap

Click here to take the quiz!

General Stats

  • This quiz has been taken 219 times
  • The average score is 12 of 15

Answer Stats

QuestionAnswer% Correct
Who won the Championship?Martin Truex Jr
96%
Which manufacturer was NOT represented in the Championship 4?Chevrolet
92%
Which manufacturer won the Manufacturer's Championship?Toyota
91%
Chase Elliott and which driver tangled at Martinsville and Phoenix in the Playoffs?Denny Hamlin
88%
Which driver replaced Casey Mears in the #13 for Germain Racing?Ty Dillon
88%
How many times did Chase Elliott finish second in the Playoffs?4
85%
5-Hour Energy sponsored which young driver?Erik Jones
84%
Stewart-Haas Racing sued Nature's Bakery for sponsorship of which team?#10 Danica Patrick
81%
Which Toyota team extended to a two-car team for Erik Jones?Furniture Row Racing
81%
Which driver scored 3 wins, but had his worst year of his career?Jimmie Johnson
79%
Which Ford driver won his first and second career races at plate tracks this year?Ricky Stenhouse Jr
79%
Who scored his first ever Brickyard 400 win?Kasey Kahne
78%
Joey Logano's win was encumbered (taken away) from which track?Richmond
69%
Which track installed a portion of artificial turf?Charlotte Motor Speedway
59%
Which track broke a record for fastest race with a time of just over 2 hours?Watkins Glen
40%

Score Distribution

Percentile by Number Answered

Percent of People with Each Score

Your Score History

You have not taken this quiz